000 13775nam a22008417a 4500
005 20120319155755.0
008 120319t xxu||||| |||| 00| 0 hin d
010 _aB-455776-821
020 _c150.00
_a9788173093944
035 _aB-455776-821
037 _bब्लूबेरी बुक्स
040 _aDPL
_bHN
082 _a509.2
100 _aडाविर्न, चार्ल्स
_944532
245 _aचार्ल्स डार्विन की आत्मकथा /
246 _aCharles Darwin ki aatmakatha
260 _aनई दिल्ली
_bसस्ता साहित्य मण्डल
_c2011
260 _aनोएडा
_bविज्ञान प्रसार
_c2011
270 _aएन-77, पहली मंजिल, कनॉट सर्कस
_bनई दिल्ली
_e110001
_k23310505
_mmanager@sastasahityamandal.org
270 _aए-50, इंडस्ट्रीयल एरिया,सेक्टर-62
_bनोएडा (उत्तर प्रदेश)
_e201307
300 _a104पृ
_c22सेमी (सजिल्द)
_bसचित्र
650 _aScientists
_xBiography
_929446
650 _aवैज्ञानिक
_xजीवनी
_929447
942 _2ddc
_cHN
_h509.2
_mचार्ल्सडा
999 _c64152
_d64152